000 00692nam a2200205Ia 4500
999 _c53187
_d53187
003 GCL
005 20240530105113.0
008 140319s9999 xx 000 0 ara d
040 _aGCL /
_cGCL
082 0 4 _a541.3/
_bل ب
100 1 _aلادو، م. ف
245 1 2 _aالبنية والتاصر فى كيمياء الحالة الصلبة /
_cم. ف. لادو ؛ ترجمة عصام جرجيس سلومى
260 _a[S.N] :
_bجامعة الموصل ،
_c1983
300 _a389 ص
650 0 4 _aالكيمياء
650 0 4 _aالكيمياء العضوية
650 0 4 _aالكيمياء الذرية
700 0 _aعصام جرجيس سلومى
_eمترجم
942 _2ddc
_cBK